Prime Minister Indira Gandhi speaks on foreign policy, 1981. (Record no. 826)

MARC details
000 -LEADER
fixed length control field 00743cam a2200241 a 4500
001 - CONTROL NUMBER
control field 4257198
003 - CONTROL NUMBER IDENTIFIER
control field OSt
005 - DATE AND TIME OF LATEST TRANSACTION
control field 20230608090136.0
008 - FIXED-LENGTH DATA ELEMENTS--GENERAL INFORMATION
fixed length control field 831216s1982 ii 000 0 eng
010 ## - LIBRARY OF CONGRESS CONTROL NUMBER
LC control number 83902743
040 ## - CATALOGING SOURCE
Original cataloging agency DLC
Transcribing agency DLC
Modifying agency DLC
-- OCoLC
043 ## - GEOGRAPHIC AREA CODE
Geographic area code a-ii---
050 00 - LIBRARY OF CONGRESS CALL NUMBER
Classification number DS480.853
Item number .G36 1982
082 00 - DEWEY DECIMAL CLASSIFICATION NUMBER
Classification number 954.04
Item number GAN
100 1# - MAIN ENTRY--PERSONAL NAME
Personal name Gandhi, Indira,
Dates associated with a name 1917-1984.
245 10 - TITLE STATEMENT
Title Prime Minister Indira Gandhi speaks on foreign policy, 1981.
260 ## - PUBLICATION, DISTRIBUTION, ETC. (IMPRINT)
Place of publication, distribution, etc. New Delhi :
Name of publisher, distributor, etc. External Publicity Division, Ministry of External Affairs, [Govt. of India,
Date of publication, distribution, etc. 19]82.
300 ## - PHYSICAL DESCRIPTION
Extent 111 p. ;
Dimensions 25 cm.
500 ## - GENERAL NOTE
General note Cover title.
651 #0 - SUBJECT ADDED ENTRY--GEOGRAPHIC NAME
Geographic name India
General subdivision Foreign relations.
906 ## - LOCAL DATA ELEMENT F, LDF (RLIN)
a 7
b cbc
c orignew
d 2
e ncip
f 19
g y-gencatlg
942 ## - ADDED ENTRY ELEMENTS (KOHA)
Source of classification or shelving scheme Dewey Decimal Classification
Koha item type Books

No items available.

LIBRARY OPENING HOURS

When the Parliament is sitting: 8.00a.m - 7.00p.m or until the house adjourns
Mondays and Fridays and when the House is on Recess:  8.00a.m - 5.00p.m
Closed on Weekends and Public Holidays

Online Public Access Catalog (OPAC)
Website: http://www.parliament.go.ke
Bunge Library: https://libraryir.parliament.go.ke
Contact: library@parliament.go.ke | Tel no: (254-2)2221291 or 2848000 Ext 5043